Προϊστορική και κλασική τέχνη

Αποθηκεύτηκε σε:
Λεπτομέρειες βιβλιογραφικής εγγραφής
Κύριος συγγραφέας: Παπαγιαννοπούλου, Αγγελία
Συγγραφή απο Οργανισμό/Αρχή: Ελληνικό Ανοικτό Πανεπιστήμιο
Άλλοι συγγραφείς: Πλάντζος, Δημήτρης, Σουέρεφ, Κώστας Ι., 1952-
Μορφή: Βιβλίο
Γλώσσα:Greek
Δημοσίευση: Πάτρα : Ελληνικό Ανοικτό Πανεπιστήμιο, 1999.
Θέματα:
Ετικέτες: Προσθήκη ετικέτας
Δεν υπάρχουν, Καταχωρήστε ετικέτα πρώτοι!

MARC

LEADER 00000cam a2200000 i 4500
001 1/44081
008 070510s1999 gr | ||| |||| ||gre||
020 |a 9605380552   |q (τ. 1)  
035 |l 10087769 
040 |a GR-MyUa  |b gre  |e AACR2 
041 0 |a gre 
082 7 |a 709.38   |2 (22)  
100 1 |a Παπαγιαννοπούλου, Αγγελία. 
245 1 0 |a Προϊστορική και κλασική τέχνη /   |c Αγγελία Παπαγιαννοπούλου, Κωνσταντίνος Σουέρεφ, Δημήτρης Πλάντζος.  
260 |a Πάτρα :   |b Ελληνικό Ανοικτό Πανεπιστήμιο,   |c 1999.  
300 |a 290 σ. :   |b εικ. εγχρ. ;   |c 28 εκ.  
500 |a Σχολή Ανθρωπιστικών Σπουδών. Πρόγραμμα Σπουδών: Σπουδές στον Ελληνικό Πολιτισμό.  
500 |a Θεματική ενότητα: Τέχνες Ι: Ελληνικές Εικαστικές Τέχνες, Επισκόπηση Ελληνικής Αρχιτεκτονικής και Πολεοδομίας.  
504 |a Βιβλιογραφία: σ. 288-289.  
650 0 |a Art, Prehistoric  |z Greece. 
650 0 |a Art, Greek  |x History. 
700 1 |a Πλάντζος, Δημήτρης. 
700 1 |a Σουέρεφ, Κώστας Ι.,   |d 1952- 
710 2 |a Ελληνικό Ανοικτό Πανεπιστήμιο. 
774 1 |t Τέχνες Ι ; ελληνικές εικαστικές τέχνες, επισκόπηση ελληνικής αρχιτεκτονικής και πολεοδομίας 
852 |a INST  |b LESVOS  |e 20070510  |h 709.38 ΠΑΠ  |p 005100038475  |q 005100038475  |t BK  |y 0  |z τ.Α 
852 |a INST  |b LESVOS  |e 20070510  |h 709.38 ΠΑΠ  |p 005100038475  |q 005100038475  |t BK  |v τ. 1:  |y 0  |z τ.Α 
853 |a INST  |b LESVOS  |h 709.38 ΠΑΠ 
901 |a BIBL1-2007-2 
970 |a Χατζημιχαήλ  |b Μαρία  |z 10/05/2007